| Tag |
First Indicator |
Second Indicator |
Subfields |
| LEADER |
00000cgm a2200000Ka 4500 |
| 001 |
in00002650488 |
| 005 |
20151202114534.0 |
| 007 |
vd csaizq |
| 008 |
101217p20101971xxu126 vleng d |
| 028 |
4 |
2 |
|a CC1948BD
|b The Criterion Collection
|
| 028 |
4 |
2 |
|a CC1953BD
|b The Criterion Collection
|
| 035 |
|
|
|a (OCoLC)ocn693613049
|
| 035 |
|
|
|a (OCoLC)693613049
|
| 037 |
|
|
|b Midwest Tape
|n http://www.midwesttapes.com
|
| 040 |
|
|
|a TEFMT
|c TEFMT
|d TXA
|d UtOrBLW
|
| 049 |
|
|
|a TXAM
|
| 090 |
|
|
|a PN1997
|b .L3437 2010b
|
| 245 |
0 |
4 |
|a The last picture show /
|c Columbia ; a BBS Production ; produced by Stephen J. Friedman ; screenplay by Larry McMurtry and Peter Bogdanovich ; directed by Peter Bogdanovich.
|
| 246 |
1 |
|
|i Title from boxed set container:
|a America lost and found :
|b the BBS story
|
| 246 |
3 |
|
|a America lost and found, the BBS story.
|n [Disc 5],
|p Last picture show
|
| 250 |
|
|
|a Special Blu-ray ed.
|
| 264 |
|
1 |
|a [United States] :
|b The Criterion Collection,
|c 2010.
|
| 300 |
|
|
|a 1 videodisc (126 min.) :
|b sound, color ;
|c 4 3/4 in.
|
| 336 |
|
|
|a two-dimensional moving image
|b tdi
|2 rdacontent
|
| 337 |
|
|
|a video
|b v
|2 rdamedia
|
| 338 |
|
|
|a videodisc
|b vd
|2 rdacarrier
|
| 490 |
1 |
|
|a Criterion collection ;
|v 549
|
| 538 |
|
|
|a Blu-ray; widescreen.
|
| 538 |
|
|
|a Requires Blu-ray player.
|
| 546 |
|
|
|a Subtitled for the deaf and hard of hearing.
|
| 511 |
1 |
|
|a Timothy Bottoms, Jeff Bridges, Cybill Shepherd, Ben Johnson, Cloris Leachman, Ellen Burstyn.
|
| 508 |
|
|
|a Director of photography, Robert Surtees ; editor, Donn Cambern ; music, Bob Wills and his Texas Playboys ... [et al.].
|
| 500 |
|
|
|a Based on the novel by Larry McMurtry.
|
| 500 |
|
|
|a Originally released as a motion picture in 1971
|
| 500 |
|
|
|a Issued as part of a 9-DVD boxed set with: Head; Easy rider; Five easy pieces; Drive, he said; A safe place; The king of Marvin Gardens.
|
| 520 |
|
|
|a The daily shuffles of three futureless teens₇enigmatic Sonny, Duane, and desperate-to-be-adored rich girl Jacy and the aging lost souls who bump up against them in the night like drifting tumbleweeds.
|
| 500 |
|
|
|a Blu-ray special edition features include: New, restored high-definition digital transfer of Peter Bogdanovich's director's cut, supervised by Bogdanovich; two audio commentaries, one from 1991, featuring Bogdanovich and actors Cybill Shepherd, Randy Quaid, Cloris Leachman, and Frank Marshall; the other from 2009, featuring Bogdanovich; Two "making-of" documentaries: "The last picture show : a look back" (1999) and Picture this (1998); "A discussion with filmmaker Peter Bogdanovich", a 2009 Q&A; screen tests and location footage; excerpts from a 1972 television interview with director François Truffaut about the new Hollywood.
|
| 500 |
|
|
|a Videorecording.
|
| 650 |
|
0 |
|a Teenagers
|z Texas
|v Drama.
|
| 650 |
|
0 |
|a Motion picture theaters
|z Texas
|v Drama.
|
| 651 |
|
0 |
|a Texas
|v Drama.
|
| 655 |
|
7 |
|a Feature films.
|2 lcgft
|
| 655 |
|
7 |
|a Fiction films.
|2 lcgft
|
| 655 |
|
7 |
|a Video recordings for the hearing impaired.
|2 lcgft
|
| 700 |
1 |
|
|a Friedman, Stephen J.,
|d 1937-1996.
|
| 700 |
1 |
|
|a McMurtry, Larry.
|
| 700 |
1 |
|
|a Bogdanovich, Peter,
|d 1939-
|
| 700 |
1 |
|
|a Bottoms, Timothy,
|d 1949-
|
| 700 |
1 |
|
|a Bridges, Jeff,
|d 1949-
|
| 700 |
1 |
|
|a Shepherd, Cybill,
|d 1950-
|
| 700 |
1 |
|
|a Johnson, Ben,
|d 1918-1996.
|
| 700 |
1 |
|
|a Leachman, Cloris.
|
| 700 |
1 |
|
|a Burstyn, Ellen,
|d 1932-
|
| 710 |
2 |
|
|a Columbia Pictures.
|
| 710 |
2 |
|
|a BBS Productions.
|
| 710 |
2 |
|
|a Criterion Collection (Firm)
|
| 830 |
|
0 |
|a Criterion collection (Blu-ray discs) ;
|v 549.
|
| 994 |
|
|
|a C0
|b TXA
|
| 948 |
|
|
|a cataloged
|b h
|c 2011/1/26
|d c
|e blrosas
|f 12:30:25 pm
|
| 999 |
|
|
|a MARS
|
| 999 |
f |
f |
|s 616524ed-477b-3c06-9201-a1621d627634
|i 2ce9111c-9590-3a18-95e3-e7ec74942f63
|t 0
|
| 952 |
f |
f |
|p bluray
|a Texas A&M University
|b College Station
|c Sterling C. Evans Library
|s Evans Media and Reserves
|d Evans: Media and Reserves (Annex 1st floor)
|t 0
|e PN1997 .L3437 2010b
|h Library of Congress classification
|i video -- videodisc
|m A14839483915
|
| 998 |
f |
f |
|a PN1997 .L3437 2010b
|t 0
|l Evans: Media and Reserves (Annex 1st floor)
|